000 00543nam a2200205Ia 4500
005 20250923145000.0
008 008 250917s9999 xx 000 0 eng d
037 _aTextual
040 _aDSWL
_beng
_cDSWL
041 _aeng
_2eng
084 _az2, N64
_qDSWL
100 _aNaipaul, V.S.
_9830531
245 3 _aAn area of darkness
_cby V.S. Naipaul
260 _aLondon
_bAndre Deutsch
_c1964
300 _a281 p.
365 _aINR
_b25
925 _g25
942 _cTEXL
_hz2, N64
999 _c1445655
_d1445655